000 00308nam a2200133Ia 4500
005 20260328101454.0
008 260328s9999||||xx |||||||||||||| ||und||
100 _aMorgan, Elaine
245 0 _aLa Ciudad en Crisis /
_cElaine Morgan
260 _bPomaire
300 _a332 p.
650 _aCIUDAD
942 _cBK
999 _c8767
_d8767